| 000 | 00517nam a2200169Ia 4500 | ||
|---|---|---|---|
| 008 | 230917s9999||||xx |||||||||||||| ||und|| | ||
| 020 | _cUSD159 | ||
| 040 |
_e244878 _aMAIN |
||
| 041 | _aEnglish | ||
| 082 | _a338.4791 M357D | ||
| 100 | _aMarshall, Kornelia, ed. | ||
| 245 | 0 | _aDisappearing destinations: Climate change and future challenges for coastal tourism | |
| 260 |
_aNew York _bScitus Academics _c2017 |
||
| 300 | _aviii, 319 p. | ||
| 500 | _a3006 17/01/2018 HBD18/7207 06/02/2018 IHTM (SFS) | ||
| 942 | _cBK | ||
| 999 |
_c25398 _d25398 |
||